[Event "XXIV ProAm Copa Clarin 2017"]
[Site "Villa Martelli"]
[Date "2017.10.02"]
[Round "3.13"]
[White "Molina, Pablo Sebastian"]
[Black "Strok, Boris"]
[Result "1-0"]
[WhiteElo "2274"]
[BlackElo "1978"]
[Annotator "TA"]
[PlyCount "41"]
[EventDate "2017.??.??"]
[EventType "swiss"]
[EventCountry "ARG"]
[SourceTitle "playchess.com"]
[Source "ChessBase"]
[SourceQuality "1"]

{[%evp 18,41,0,0,29,0,116,79,350,330,424,417,419,418,390,408,373,307,372,323,455,149,777,586,920,934]} 1. d4 Nf6 2. c4 g6 3. Nc3 Bg7 4. e4 d6 5. f4 O-O 6. Bd3 c5 7. d5 e6 8. dxe6 fxe6 9. Nf3 Nc6 10. O-O {LiveBook: 148 Games} Nb4 {E76: King's Indian: Four Pawns Attack: Lines specific to 6 Nf3 move-order} (10... Nd4 11. Bd2 Bd7 12. Nxd4 cxd4 13. Nb5 Bc6 14. Qe2 Ne8 15. e5 Bxb5 16. cxb5 dxe5 17. fxe5 Nc7 18. Rxf8+ Qxf8 {½-½ (77) Ponomariov,R (2726)-Vovk,Y (2562) Kiev 2012}) 11. Be2 $146 ({Predecessor:} 11. Bb1 Nc6 12. Kh1 Nh5 13. Ng5 h6 14. Nh3 Nf6 15. Be3 e5 16. f5 {½-½ (43) Kersten,U (2280)-Schroeter,S (2095) Boeblingen 2013}) 11... b5 (11... Nc6 $11 {remains equal.}) 12. cxb5 {a3 is the strong threat.} d5 $2 {[%mdl 8192] [#]} (12... a6 $16) 13. e5 $1 $18 Nd7 14. a3 d4 15. axb4 dxc3 16. bxc3 cxb4 17. cxb4 Qb6+ 18. Qd4 Rd8 (18... Bb7 {is a better defense.} 19. Be3 Bd5 20. Qxb6 axb6) 19. Ra6 $2 {[#]} (19. Be3 $18 {and White stays clearly on top.} Bb7 20. Bc4) 19... Qb7 $2 {[%mdl 8192]} (19... Bxa6 $16 20. bxa6 Bf8) 20. Rd6 Qc7 21. Ng5 1-0

[Event "XXIV ProAm Copa Clarin 2017"]
[Site "Villa Martelli"]
[Date "2017.10.02"]
[Round "3.14"]
[White "Bourgeois, William"]
[Black "Falcon, Benjamin"]
[Result "1/2-1/2"]
[WhiteElo "1865"]
[BlackElo "2183"]
[Annotator "TA"]
[PlyCount "31"]
[EventDate "2017.??.??"]
[EventType "swiss"]
[EventCountry "ARG"]
[SourceTitle "playchess.com"]
[Source "ChessBase"]
[SourceQuality "1"]

{[%evp 19,27,75,60,34,33,51,10,41,39,33]} 1. d4 Nf6 2. c4 g6 3. Nc3 Bg7 4. e4 d6 5. Be2 O-O 6. Bg5 Na6 7. f4 c5 8. d5 Qa5 {E73: King's Indian: Averbakh Variation without 6...c5} 9. Qd2 e6 10. Nf3 exd5 {LiveBook: 8 Games} 11. exd5 (11. cxd5 c4 12. O-O Nc5 13. e5 Nce4 14. Nxe4 Qb6+ 15. Nf2 {1-0 (15) Gareev,T (2584)-Paunovic,D (2435) Figueira da Foz 2015}) 11... Re8 12. O-O Bf5 13. Bd3 Bxd3 14. Qxd3 {Predecessor:} Qb6 $146 15. Bxf6 Bxf6 16. Rf2 {1-0 (39) Nesterets,A (2430)-Sergienko,V (2199) Myrhorod 2011} 1/2-1/2

[Event "XXIV ProAm Copa Clarin 2017"]
[Site "Villa Martelli"]
[Date "2017.10.02"]
[Round "3.15"]
[White "Leon, Juan Carlos"]
[Black "Lopez Rebert, Pablo"]
[Result "1-0"]
[WhiteElo "2172"]
[BlackElo "1924"]
[Annotator "TA"]
[PlyCount "67"]
[EventDate "2017.??.??"]
[EventType "swiss"]
[EventCountry "ARG"]
[SourceTitle "playchess.com"]
[Source "ChessBase"]
[SourceQuality "1"]

{[%evp 16,67,73,68,73,63,99,91,133,130,148,73,88,68,145,125,99,100,97,110,104,12,45,16,18,8,19,12,12,15,8,-41,-47,-75,0,0,0,0,46,-7,0,0,61,60,66,66,66,69,60,77,71,68,270,256]} 1. e4 d6 2. d4 Nf6 3. Nc3 g6 {[%cal Bg7g6,Bg6g5][%mdl 32]} 4. Bg5 {[%cal Bc1g5,Bg5h4,Bh4g3][%mdl 32]} Bg7 5. Qd2 h6 6. Bh4 g5 7. Bg3 Nh5 8. O-O-O Nc6 9. Nge2 {[%cal Bg1e2,Be2g3,Bg3h5][%mdl 32] LiveBook: 23 Games. B07: Pirc Defence: Miscellaneous Systems} a6 10. Qe3 Bd7 (10... Nxg3 11. Nxg3 e5 12. dxe5 $11) 11. e5 {White is better.} Nxg3 $146 ({Predecessor:} 11... Bf5 12. f4 e6 13. d5 gxf4 14. Nxf4 Nxg3 15. Qxg3 Bxe5 16. dxc6 bxc6 {½-½ (45) Burg,T (2499)-Firman,N (2526) Germany 2014}) 12. Nxg3 h5 {[%cal Rd6e5] [#]} ({Don't play} 12... dxe5 $6 13. d5 $14) 13. e6 (13. Be2 $142 $1) 13... fxe6 $16 14. Bd3 Qb8 {[#]} (14... Kf7 $14) 15. Nxh5 $1 {[%mdl 512]} Bh6 (15... Rxh5 16. Bg6+) 16. Kb1 Qa7 17. Bg6+ Kd8 18. Rhe1 (18. Qe4 $16) 18... e5 $11 {[%cal Re5d4]} 19. dxe5 Qxe3 20. Rxe3 {And now e6 would win.} Bg4 $1 {[%cal Rg4d1]} 21. f3 Bxh5 $1 22. Bxh5 Bg7 $132 {[%mdl 2048] Black is not keeping still} 23. exd6 (23. Bg4 {is more complex.} Nxe5 24. h3 Nxg4 25. fxg4 Bxc3 26. Rxc3 Kd7 27. Rf1) 23... Rxh5 24. dxc7+ {[#]} Kxc7 (24... Ke8 $1 $17 25. Nd5 Rc8) 25. Nd5+ Kb8 26. Nxe7 Rh6 27. Nf5 (27. Rd7 $1 $14 Ne5 28. Rd8+ Ka7 29. Nc8+ Rxc8 30. Rxc8) 27... Rg6 28. Ne7 Rh6 ({Black should play} 28... Nxe7 $11 29. Rxe7 Bf6 30. Re8+ Ka7) 29. Rd7 $1 $14 {Nxc6+ is the strong threat.} Ne5 30. Rd8+ Ka7 31. Nc8+ {[#]} Rxc8 $1 {[%mdl 512]} 32. Rxc8 Rxh2 {( -> ...Rh1+)} 33. a4 {Threatens to win with Rc7.} Rxg2 $2 (33... Bf6 $14) 34. Rc7 {Precision: White = 56%, Black = 53%.} 1-0

[Event "XXIV ProAm Copa Clarin 2017"]
[Site "Villa Martelli"]
[Date "2017.10.02"]
[Round "3.16"]
[White "Sosa, Ruben"]
[Black "Tomeo, Ivan"]
[Result "0-1"]
[WhiteElo "1843"]
[BlackElo "2149"]
[Annotator "TA"]
[PlyCount "82"]
[EventDate "2017.??.??"]
[EventType "swiss"]
[EventCountry "ARG"]
[SourceTitle "playchess.com"]
[Source "ChessBase"]
[SourceQuality "1"]

{[%evp 9,82,37,30,-2,-13,-56,-45,-50,-40,-30,-34,-61,-55,-72,-47,-37,-54,-47,-46,-109,-85,-58,-36,-116,-113,-73,-79,-176,-120,-133,-129,-130,-131,-194,-157,-212,-223,-230,-250,-260,-261,-255,-230,-242,-187,-171,-189,-263,-256,-256,-260,-254,-250,-283,-284,-281,-314,-296,-272,-323,-280,-537,-446,-683,-664,-601,-733,-720,-688,-709,-693,-711,-674,-986,-941]} 1. e4 e5 2. Nf3 Nc6 3. Bc4 Nf6 4. d3 Be7 5. c3 O-O {LiveBook: 306 Games} 6. Bg5 {C55: Two Knights: 4 d3, 4 d4 exd4 5 e5 and Max Lange Attack} (6. Nbd2 d6 7. Bb3 Na5 8. Bc2 c5 9. Nf1 Nc6 10. Ng3 Re8 11. O-O d5 12. Re1 d4 13. Bb3 Be6 14. Ng5 {1-0 (67) Neiksans,A (2631)-Ponomariov,R (2709) Tallinn 2016}) 6... h6 7. h4 $146 ({Predecessor:} 7. Bh4 d6 8. b4 Nh5 9. Bg3 Bg4 10. h3 Nxg3 11. fxg3 Bh5 12. O-O a5 13. b5 Na7 {0-1 (57) Mazziotti Irigoyen,G (2171)-Perdomo,L (2334) Esperanza 2003}) 7... d6 8. Bxf6 {Black is slightly better.} Bxf6 ({Much worse is} 8... gxf6 9. Nfd2 $11) 9. Nbd2 Na5 10. Bb5 a6 11. Ba4 b5 12. Bc2 c5 $36 {[%mdl 2048] Black has good play.} 13. Nf1 d5 14. Ng3 (14. exd5 $15 Qxd5 15. Ne3) 14... Bg4 15. exd5 Qxd5 16. Ne4 (16. Qe2 $15) 16... Be7 17. Qe2 Rfe8 18. Rd1 (18. Ng3 $17 {might work better.}) 18... Qxa2 (18... f5 $19 19. Ng3 Qxa2) 19. O-O $17 {With the idea Ra1.} Qd5 ({And not} 19... Qxb2 20. Rb1 $14) 20. Ra1 Nc6 21. Ra3 (21. Ned2 $17 {was necessary.}) 21... a5 22. Bb3 (22. Qe3 $17) 22... Qd7 $19 23. Bc2 f5 24. Ned2 {[#]} Bxh4 $1 {[%mdl 512]} 25. Qe3 (25. Nxh4 Bxe2) 25... Bf6 26. Qxc5 Be7 27. Qxb5 Bxa3 28. Ba4 {[#]} (28. bxa3 $142 Kh8 29. Ba4) 28... Bxb2 $1 29. Qxb2 Qc7 30. Qb5 Rec8 31. Qd5+ Kh7 32. Qe6 Qe7 33. Qd5 Qf6 34. Rb1 Ne7 35. Qd7 $2 (35. Qxe5 {only move.} Qxe5 36. Nxe5) 35... Bh5 {Threatens to win with ...Be8.Black is clearly winning.} 36. Qb7 (36. Rb7 $142 Ng6 37. Rc7) 36... Rab8 37. Qxb8 Rxb8 38. Rxb8 Qd6 39. Rb7 Ng6 40. Bb3 Nf4 41. d4 Ne2+ {Precision: White = 33%, Black = 67%.} 0-1

[Event "XXIV ProAm Copa Clarin 2017"]
[Site "Villa Martelli"]
[Date "2017.10.02"]
[Round "3.17"]
[White "Anino, Sergio"]
[Black "Faingerch, Sebastian"]
[Result "1-0"]
[WhiteElo "2132"]
[BlackElo "1892"]
[Annotator "RC"]
[PlyCount "81"]
[EventDate "2017.??.??"]
[EventType "swiss"]
[EventCountry "ARG"]
[SourceTitle "playchess.com"]
[Source "ChessBase"]
[SourceQuality "1"]
[TimeControl "5400+30"]

1. d4 Nf6 2. c4 g6 3. Nc3 Bg7 4. e4 d6 5. Nf3 O-O 6. Be2 e5 7. d5 a5 8. Bg5 h6 9. Bh4 g5 10. Bg3 Nh5 11. h4 Nxg3 12. fxg3 g4 13. Nd2 h5 14. O-O c6 15. Kh2 Na6 16. Bd3 Nc5 17. Bc2 Bd7 18. Qe2 Rb8 19. Nd1 Bh6 20. Ne3 cxd5 21. Nf5 Bf4 22. gxf4 Bxf5 23. exf5 Qxh4+ 24. Kg1 e4 25. Rfe1 e3 26. Nf1 dxc4 27. Qxe3 Rfe8 28. Qc3 Rxe1 29. Rxe1 b5 30. g3 Qd8 31. Re2 Qb6 32. Kh2 d5 33. Qd4 Rd8 34. f6 Qd6 35. Qe5 Qxe5 36. Rxe5 b4 37. Rg5+ Kf8 38. Rxh5 Ke8 39. Re5+ Kf8 40. Ne3 d4 41. Nxc4 1-0

[Event "XXIV ProAm Copa Clarin 2017"]
[Site "Villa Martelli"]
[Date "2017.10.02"]
[Round "3.18"]
[White "Sanchez, Gabriel"]
[Black "Zamani, Andres"]
[Result "0-1"]
[WhiteElo "2170"]
[BlackElo "2120"]
[Annotator "TA"]
[PlyCount "88"]
[EventDate "2017.??.??"]
[EventType "swiss"]
[EventCountry "ARG"]
[SourceTitle "playchess.com"]
[Source "ChessBase"]
[SourceQuality "1"]

{[%evp 21,88,39,38,39,56,49,45,-54,49,56,114,93,93,12,43,14,0,51,204,188,184,167,149,160,172,-56,-46,-195,-194,-200,-189,-676,-686,-679,-677,-672,-668,-651,-660,-777,-765,-784,-762,-729,-727,-685,0,0,0,-588,-571,-606,-587,-12837,-12838,-12840,-12841,-12841,-12841,-1107,-633,-869,-876,-1977,-2029,-12842,-12845,-12848,-12847]} 1. e4 c5 2. Nf3 d6 3. d4 cxd4 4. Nxd4 Nf6 5. Nc3 g6 6. Be3 Bg7 7. f3 O-O 8. Bc4 Nc6 9. Qd2 Bd7 10. O-O-O Qa5 11. Nb3 Qc7 {LiveBook: 3 Games. B79: Sicilian Dragon: Yugoslav Attack, 9 Bc4 Bd7 10 0-0-0 Qa5} 12. Be2 (12. Bh6 Bxh6 13. Qxh6 Rac8 14. Kb1 Ne5 15. Be2 Nc4 16. Bxc4 Qxc4 17. h4 Be6 18. h5 b5 19. g4 b4 20. Rd4 bxc3 21. Rxc4 Bxc4 22. Nd4 Kh8 23. hxg6 fxg6 24. g5 {1-0 (24) Savchenko,B (2638)-Yankovsky,R (2314) St Petersburg 2009}) 12... Rfc8 13. Kb1 Ne5 {White is slightly better.} 14. g4 {[#]} (14. Bg5 $14) 14... Be6 (14... b5 $1 $15 {[%mdl 512]} 15. Rhf1 (15. Nxb5 Bxb5) 15... b4) 15. h4 $146 ({Predecessor:} 15. Nd4 Bc4 16. Bd3 Qa5 17. g5 Nfd7 18. f4 Nxd3 19. cxd3 {1-0 (57) Lalovic,S (2219)-Danjec,V Golubac 2008}) 15... Nc4 (15... h5 $1 $14) 16. Bxc4 $1 $16 Qxc4 17. Bd4 (17. Nd4 $16) 17... a5 $11 18. h5 a4 19. Nc1 (19. h6 $11 Bh8 20. Nc1) 19... Ra6 $2 (19... b5 $14) 20. hxg6 hxg6 21. g5 Nh5 22. Bxg7 Kxg7 {[#]} 23. f4 $2 (23. a3 $1 $18) 23... a3 $36 {[%mdl 2048] And now ...axb2 would win. Black has the initiative.} 24. Rxh5 (24. f5 $15 axb2 25. Kxb2 Qb4+ 26. Nb3) 24... gxh5 25. f5 axb2 26. Kxb2 $2 (26. N1e2) 26... Qb4+ $19 27. Nb3 Rac6 28. fxe6 Qxc3+ 29. Qxc3+ Rxc3 {[%mdl 4096] Endgame KRR-KRN} 30. Rf1 Rxc2+ 31. Kb1 Re2 32. Nd4 Rxe4 33. Nf5+ Kh8 $2 (33... Kf8 $19 34. exf7 Rg4) 34. Nxe7 $11 Re8 35. Rxf7 $2 {[%mdl 8192]} (35. exf7 $11 {and White stays safe.} R4xe7 36. fxe8=N Rxe8 37. Rf7) 35... Rxe6 $19 {Black is clearly winning.} 36. Nf5 Rg6 37. Rxb7 Rxg5 38. Nxd6 Re1+ 39. Kc2 Rg2+ 40. Kc3 h4 41. Nf7+ Kg7 42. Ng5+ Kg6 43. Nh7 Rf1 44. Ng5 Rxg5 {Precision: White = 31%, Black = 55%.} 0-1

[Event "XXIV ProAm Copa Clarin 2017"]
[Site "Villa Martelli"]
[Date "2017.10.02"]
[Round "3.19"]
[White "Sotelo Rojas, Ruben"]
[Black "Olivera, Horacio"]
[Result "1-0"]
[WhiteElo "1767"]
[BlackElo "2097"]
[Annotator "NA RC"]
[PlyCount "81"]
[EventDate "2017.??.??"]
[EventType "swiss"]
[EventCountry "ARG"]
[SourceTitle "playchess.com"]
[Source "ChessBase"]
[SourceQuality "1"]
[TimeControl "5400+30"]

1. d4 Nf6 2. c4 e6 3. Nf3 Bb4+ 4. Nc3 b6 5. Bg5 h6 6. Bh4 Bb7 7. e3 g5 8. Bg3 Ne4 9. Rc1 Bxc3+ 10. bxc3 d6 11. Bd3 Nd7 12. Qa4 O-O 13. h4 g4 14. Nh2 Nxg3 15. fxg3 f5 16. O-O h5 17. Rce1 Qe7 18. Qc2 Rae8 19. Rf4 Kg7 20. Qf2 Nf6 21. d5 exd5 22. Rxf5 Ne4 23. Qf4 Rxf5 24. Qxf5 Qf7 25. Bxe4 dxe4 26. Qg5+ Qg6 27. Qb5 a6 28. Qa4 Re7 29. Rf1 Qe6 30. Rf4 Qe5 31. Qc2 Bc8 32. Nf1 Bf5 33. Qd2 Bg6 34. Qd4 c5 35. Qd2 b5 36. cxb5 axb5 37. Qc2 d5 38. Kh2 d4 39. exd4 cxd4 40. Qb3 d3 41. Nd2 {( 1-0 en la jugada 59 )} 1-0

[Event "XXIV ProAm Copa Clarin 2017"]
[Site "Villa Martelli"]
[Date "2017.10.02"]
[Round "3.20"]
[White "Abate, Tomas"]
[Black "Palu, Andres"]
[Result "0-1"]
[WhiteElo "1726"]
[BlackElo "2063"]
[Annotator "NA RC"]
[PlyCount "88"]
[EventDate "2017.??.??"]
[EventType "swiss"]
[EventCountry "ARG"]
[SourceTitle "playchess.com"]
[Source "ChessBase"]
[SourceQuality "1"]
[TimeControl "5400+30"]

1. e4 c5 2. Nf3 g6 3. d4 cxd4 4. Nxd4 Nc6 5. c4 Nf6 6. Nc3 Nxd4 7. Qxd4 d6 8. Be3 Bg7 9. Be2 O-O 10. Qd2 Bd7 11. O-O Bc6 12. f3 a5 13. Rac1 a4 14. Rfd1 Nd7 15. Bd4 Bxd4+ 16. Qxd4 Qa5 17. Kh1 Rfc8 18. Nd5 Bxd5 19. exd5 Qb4 20. Bf1 Rc7 21. Re1 Nb6 22. a3 Qc5 23. Qxc5 dxc5 24. Re3 Nc8 25. Rce1 Kf8 26. Bd3 Nd6 27. Rc1 Ra6 28. Re2 Rb6 29. Bb1 Rc8 30. g4 Rb3 31. Kg2 b5 32. Ba2 bxc4 33. Bxb3 cxb3 34. Rce1 Rc7 35. Rc1 c4 36. Re3 Rc5 37. Rd1 Nb5 38. Rde1 c3 39. Rxe7 cxb2 40. Re8+ Kg7 41. Rb1 Rc2+ 42. Kg3 Nxa3 43. d6 Nxb1 44. d7 Rd2 0-1

[Event "XXIV ProAm Copa Clarin 2017"]
[Site "Villa Martelli"]
[Date "2017.10.02"]
[Round "3.21"]
[White "Churba, Daniel Alberto"]
[Black "Mirada, Luciano"]
[Result "1-0"]
[WhiteElo "2062"]
[BlackElo "1863"]
[Annotator "NA RC"]
[PlyCount "75"]
[EventDate "2017.??.??"]
[EventType "swiss"]
[EventCountry "ARG"]
[SourceTitle "playchess.com"]
[Source "ChessBase"]
[SourceQuality "1"]
[TimeControl "5400+30"]

1. Nf3 Nf6 2. c4 g6 3. b3 Bg7 4. Bb2 O-O 5. g3 d6 6. Bg2 e5 7. d3 Nbd7 8. O-O Nh5 9. Nc3 f5 10. Qd2 f4 11. d4 exd4 12. Nxd4 Ne5 13. Bd5+ Kh8 14. Ne6 Bxe6 15. Bxe6 f3 16. Bd5 Qd7 17. exf3 c6 18. f4 Nxf4 19. gxf4 Qg4+ 20. Kh1 cxd5 21. f3 Qxf4 22. Qxf4 Rxf4 23. Nxd5 Rxf3 24. Bxe5 Rxf1+ 25. Rxf1 dxe5 26. Rf7 b6 27. Kg2 Kg8 28. Rb7 e4 29. Re7 Kf8 30. Kf2 e3+ 31. Ke2 h5 32. Rb7 Bh6 33. Nc7 Rc8 34. Ne6+ Kg8 35. Rxa7 Re8 36. Nc7 Re4 37. Nd5 Rh4 38. Ne7+ 1-0

[Event "XXIV ProAm Copa Clarin 2017"]
[Site "Villa Martelli"]
[Date "2017.10.02"]
[Round "3.22"]
[White "Salvatti, Diego"]
[Black "Morales Marmol, Marcos Antonio"]
[Result "0-1"]
[WhiteElo "2027"]
[BlackElo "2125"]
[Annotator "TA"]
[PlyCount "84"]
[EventDate "2017.??.??"]
[EventType "swiss"]
[EventCountry "ARG"]
[SourceTitle "playchess.com"]
[Source "ChessBase"]
[SourceQuality "1"]

{[%evp 21,84,-11,5,0,3,2,24,8,34,40,56,51,43,53,66,75,70,74,66,60,66,60,97,97,114,0,0,0,40,30,30,10,3,0,0,5,9,0,0,0,15,0,83,51,57,41,40,-90,91,-89,-77,-131,-110,-111,-75,-84,-85,-79,-56,-54,-64,-50,-2,-78,-80]} 1. d4 Nf6 2. Bf4 g6 3. Nf3 Bg7 4. h3 O-O 5. e3 d6 6. Be2 b6 7. c4 Bb7 8. Nc3 Nbd7 9. Bh2 {E61: King's Indian: Early deviations for White, including Smyslov System} Ne4 10. Nxe4 Bxe4 11. O-O c5 {LiveBook: 9 Games} 12. Rc1 Rc8 (12... Qc7 13. b3 Qb7 14. d5 Bxf3 15. Bxf3 b5 16. cxb5 a6 17. bxa6 Rxa6 18. Qc2 Ra3 {0-1 (49) Gelashvili,T (2575)-Can,E (2565) Baku 2016}) 13. b3 h6 $146 ({Predecessor:} 13... Bxf3 14. Bxf3 Qc7 15. d5 Be5 16. g3 a6 17. a4 Nf6 18. Bg2 Ne8 {0-1 (93) Cmiel,T (2234)-Vasquez,O (2041) Spoleto 2017}) 14. Qd2 Nf6 15. d5 b5 16. Ne1 bxc4 17. Bxc4 Bf5 {[%cal Be4f5,Bf5d7,Bd7c6,Bc6e8][%mdl 32]} 18. f3 Qb6 19. e4 Bd7 20. Nc2 Ne8 21. f4 Nc7 22. e5 Rfd8 23. e6 ({White should play} 23. Ne3 $16) 23... fxe6 $11 24. dxe6 Bc6 ({Not} 24... Bxe6 $2 25. Bxe6+ Nxe6 26. Qd5 $18) 25. Kh1 d5 26. Bd3 Be8 $1 27. f5 c4 $1 {[%cal Rc4d3]} 28. Bg1 Qd6 $36 {[%mdl 2048] Black has some pressure.} 29. Bh2 Qb6 30. Bg1 Qd6 31. Bh2 Qa6 (31... Qb6 $11 32. Bg1) 32. Bxc7 Rxc7 33. Bxc4 $1 Qxa2 34. f6 (34. Qd1 $14 Qa5 35. Bd3) 34... exf6 $2 {[#]} (34... Bxf6 $17 {and life is bright.} 35. Qf4 Qa5) 35. e7 $2 (35. Qd3 $1 $16) 35... Rxe7 $17 {White must now prevent ...f5.} 36. Bxd5+ ({White should try} 36. Ra1 Qb2 37. Qa5) 36... Kh8 {...Bc6! is the strong threat.} 37. Qb4 Rc7 38. Bc4 Qb2 39. Ne3 Qd2 40. Qxd2 Rxd2 41. Nd5 Rc8 42. Ne7 (42. Nxf6 $11 {keeps the balance.} Bc6 {[#]} 43. Bd5 $1 {[%mdl 512]}) 42... Rcd8 {Precision: White = 37%, Black = 49%.} 0-1

[Event "XXIV ProAm Copa Clarin 2017"]
[Site "Villa Martelli"]
[Date "2017.10.02"]
[Round "3.24"]
[White "Hoeschele, Hermann"]
[Black "Amoroso, Juan Pablo"]
[Result "0-1"]
[WhiteElo "1677"]
[BlackElo "2014"]
[Annotator "NA RC"]
[PlyCount "84"]
[EventDate "2017.??.??"]
[EventType "swiss"]
[EventCountry "ARG"]
[SourceTitle "playchess.com"]
[Source "ChessBase"]
[SourceQuality "1"]
[TimeControl "5400+30"]

1. Nf3 c5 2. g3 g6 3. Bg2 Bg7 4. O-O Nc6 5. e4 e5 6. c3 Nge7 7. d3 O-O 8. a4 d6 9. h3 h6 10. Be3 Be6 11. Nbd2 Qd7 12. g4 f5 13. gxf5 gxf5 14. exf5 Bxf5 15. Ne4 Bxh3 16. Nh4 Bg4 17. Qd2 Qe6 18. f4 Nf5 19. Nxf5 Bxf5 20. Rf3 Bxe4 21. dxe4 exf4 22. Bxf4 Ne5 23. Bxe5 Bxe5 24. Raf1 Rxf3 25. Rxf3 Rf8 26. Rf5 Kg7 27. Qf2 Bf6 28. e5 dxe5 29. Bxb7 Qd7 30. Bf3 Qxa4 31. Qg2+ Kh8 32. Bd5 Qh4 33. Qg6 e4 34. Bf7 Bg7 35. Rh5 Qe1+ 36. Kg2 Qd2+ 37. Kh1 Qd1+ 38. Kg2 Qe2+ 39. Kg1 Qe3+ 40. Kh1 Qf3+ 41. Kh2 Qf4+ 42. Kh1 Rxf7 0-1

[Event "XXIV ProAm Copa Clarin 2017"]
[Site "Villa Martelli"]
[Date "2017.10.02"]
[Round "3.25"]
[White "Bruno, Gerardo"]
[Black "Amato, Leonel"]
[Result "0-1"]
[WhiteElo "1665"]
[BlackElo "2013"]
[Annotator "NA RC"]
[PlyCount "62"]
[EventDate "2017.??.??"]
[EventType "swiss"]
[EventCountry "ARG"]
[SourceTitle "playchess.com"]
[Source "ChessBase"]
[SourceQuality "1"]
[TimeControl "5400+30"]

1. d4 f5 2. c4 e6 3. Nc3 Nf6 4. Bg5 Be7 5. Nf3 c6 6. e3 d5 7. Ne5 O-O 8. Be2 Nbd7 9. Nxd7 Bxd7 10. O-O h6 11. Bxf6 Bxf6 12. f4 g5 13. cxd5 exd5 14. Kh1 Qe7 15. Qd2 Rae8 16. Nd1 gxf4 17. Rxf4 Bg5 18. g3 Bxf4 19. gxf4 Qe4+ 20. Kg1 Rf7 21. Bf1 Re6 22. Kf2 Rg7 23. Nc3 Qh1 24. Ke1 Be8 25. Qf2 Rge7 26. Qg3+ Kh7 27. Nd1 Bh5 28. Qh3 Bg4 29. Qg2 Qxg2 30. Bxg2 Bxd1 31. Rxd1 Rxe3+ 0-1

[Event "XXIV ProAm Copa Clarin 2017"]
[Site "Villa Martelli"]
[Date "2017.10.02"]
[Round "3.26"]
[White "Fernandez Garcia, Jose Miguel"]
[Black "Bulcourf, Carlos"]
[Result "0-1"]
[WhiteElo "2412"]
[BlackElo "1993"]
[Annotator "TA"]
[PlyCount "35"]
[EventDate "2017.??.??"]
[EventType "swiss"]
[EventCountry "ARG"]
[SourceTitle "playchess.com"]
[Source "ChessBase"]
[SourceQuality "1"]

{[%evp 9,35,135,154,72,143,146,174,145,129,119,286,274,268,256,254,266,505,494,495,439,662,561,596,416,426,447,436,429]} 1. e4 Nf6 2. Nc3 d5 3. e5 Ng4 (3... Nfd7 4. d4 e6 5. f4 c5 6. Nf3 Nc6 7. Be3 Be7 8. Qd2 O-O 9. Be2 a6 10. Nd1 cxd4 11. Nxd4 Nxd4 12. Bxd4 b5 13. O-O Bb7 14. c3 Nc5 15. Qe3 Rc8 16. Qh3 Ne4 {1-0 (28) Nabaty,T (2644)-Vaganian,R (2564) Yerevan 2016}) 4. d4 {[%cal Bd2d4,Bd4c5][%mdl 32]} h5 5. h3 Nh6 6. Bd3 $146 {B02: Alekhine's Defence: Chase Variation and lines with early Nc3} (6. Qxh5 $142 Nc6 7. Bb5) ({Predecessor:} 6. Qxh5 c5 7. Bb5+ Nc6 8. Nge2 Bf5 9. Bxh6 g6 10. Qf3 Bxh6 11. Qxd5 {1-0 (29) Paz,M (2278)-Bilic,M (2359) Dos Hermanas 2004}) 6... c5 (6... Nc6 $142) 7. dxc5 $16 Nc6 8. Qxh5 {White is clearly better.} g6 9. Bxg6 {Threatens to win with Nf3.} fxg6 $2 {[#]} (9... Bg7 $16) 10. Qxg6+ $18 Nf7 11. e6 Bxe6 12. Qxe6 Rg8 $2 (12... Nb4) 13. Nxd5 {[%csl Ge6][%cal Rd5f6] [#]} Bg7 {and the idea ...Nd4 leaves Black hopeful.} 14. Nf3 {And now Bf4 would win.} Kf8 (14... Qd7 $142 15. Qxd7+ Kxd7) 15. O-O Qc8 16. Re1 Qxe6 17. Rxe6 Rd8 18. c4 {[%mdl 32768] Loss on Time!?} 0-1

[Event "XXIV ProAm Copa Clarin 2017"]
[Site "Villa Martelli"]
[Date "2017.10.02"]
[Round "3.27"]
[White "Bosco, Giuliana"]
[Black "Maldonado, Gonzalo"]
[Result "0-1"]
[WhiteElo "1596"]
[BlackElo "1982"]
[Annotator "NA RC"]
[PlyCount "66"]
[EventDate "2017.??.??"]
[EventType "swiss"]
[EventCountry "ARG"]
[SourceTitle "playchess.com"]
[Source "ChessBase"]
[SourceQuality "1"]
[TimeControl "5400+30"]

1. e4 e5 2. Nf3 Nc6 3. d4 exd4 4. Bc4 Nf6 5. O-O h6 6. Re1 d6 7. Nxd4 Ne5 8. Bf1 Be7 9. f4 Ng6 10. Bb5+ c6 11. Bf1 O-O 12. Qf3 Qb6 13. c3 Re8 14. Nd2 Bf8 15. Nc4 Qc7 16. f5 Ne5 17. Nxe5 dxe5 18. Nc2 Bd7 19. Qg3 Kh7 20. Qh4 Be7 21. Qg3 c5 22. Bc4 Rf8 23. Qf3 b5 24. Bd3 c4 25. Bf1 Bc6 26. a4 a6 27. a5 Qb7 28. Qg3 Nxe4 29. Qxe5 Bd6 30. Qd4 Bc5 31. Rxe4 Bxd4+ 32. Rxd4 Be4 33. Ne3 Rad8 0-1

[Event "XXIV ProAm Copa Clarin 2017"]
[Site "Villa Martelli"]
[Date "2017.10.02"]
[Round "3.29"]
[White "Oyarzu, Eduardo"]
[Black "Arias, Maria Paula"]
[Result "1/2-1/2"]
[WhiteElo "1863"]
[BlackElo "1606"]
[Annotator "NA RC"]
[PlyCount "48"]
[EventDate "2017.??.??"]
[EventType "swiss"]
[EventCountry "ARG"]
[SourceTitle "playchess.com"]
[Source "ChessBase"]
[SourceQuality "1"]
[TimeControl "5400+30"]

1. d4 f5 2. Nc3 Nf6 3. Bg5 e6 4. e3 Be7 5. Bd3 O-O 6. Bxf6 Bxf6 7. Qf3 Nc6 8. a3 a6 9. Nge2 Qe7 10. Nf4 d6 11. O-O-O g6 12. Bc4 Bd7 13. Ncd5 Qd8 14. Nxf6+ Rxf6 15. Qg3 d5 16. Bd3 Qe7 17. h4 Qg7 18. Nh3 Be8 19. Rdf1 Rd8 20. Qh2 h5 21. f3 Qh6 22. Ng5 Rd7 23. Qf4 Qf8 24. Qh2 Qd6 {( tablas en la jugada 42 )} 1/2-1/2